| 000 | 00505nam a2200157Ia 4500 | ||
|---|---|---|---|
| 008 | 241217s9999||||xx |||||||||||||| ||und|| | ||
| 020 |
_a9780139152993 _c50.25 |
||
| 040 |
_beng _cSSK Library _erda |
||
| 082 | _a004.210684 THO | ||
| 100 | _a Rob Thomsett | ||
| 245 | 0 | _aThird Wave Project Management: A Handbook For Managing The Complex Information Systems For The 1990s | |
| 260 |
_b Prentice Hall-Ptr _c©1989 |
||
| 942 |
_2Dewey Decimal Classification _cBOOK _nNo |
||
| 999 |
_c23433 _d23433 |
||
| 003 | OSt | ||
| 005 | 20241217112903.0 | ||